Phytophthora diagnosis (Record no. 65026)

MARC details
000 -LEADER
fixed length control field 00333nam a2200133Ia 4500
100 ## - MAIN ENTRY--AUTHOR NAME
Personal name Jacob C K
245 #0 - TITLE STATEMENT
Title Phytophthora diagnosis
260 ## - PUBLICATION, DISTRIBUTION, ETC. (IMPRINT)
Name of publisher IRRDB Information Quarterly 1996 Part 4. p14
650 ## - SUBJECT ADDED ENTRY--TOPICAL TERM
Topical Term PCR
650 ## - SUBJECT ADDED ENTRY--TOPICAL TERM
Topical Term Phytophthora leaf fall
650 ## - SUBJECT ADDED ENTRY--TOPICAL TERM
Topical Term RAPD
942 ## - ADDED ENTRY ELEMENTS (KOHA)
Koha item type Journals
Holdings
Withdrawn status Lost status Damaged status Not for loan Home library Current library Shelving location Date acquired Koha item type
      Journals RRII Library RRII Library Pathology 17/12/2021 Journals